01728nam a22004097a 4500003000500000005001700005008004100022010001000063011001000073035001000083040000900093090001000102100004200112245005600154260004000210300002300250500001800273502009800291590003700389590004100426590004100467590004100508590004200549650004000591650002900631650003200660901000700692942000900699949003500708949005500743949005500798949004000853999001700893952014000910952014001050952012801190CHAP20220817043055.0971010s1965 r 00010 d a64724 a65696 a72976 cCHAP aTesis00aNiño Velázquez, Edilberto.98136810aEstructura socio-económica de una comunidad rural aChapingo, Méx. :bEl autor,c1965 a154 h.b; gráfs. aEn bodega c.4 aTesis (Ing. Agr. Esp. en Economía Agrícola) -- ENA. Departamento de Economía Agrícola aALEPHb10c20130110lUCH01h1353 aBATCH-UPDb10c20130110lUCH01h0956 aBATCH-UPDb10c20130410lUCH01h0608 aBATCH-UPDb10c20130914lUCH01h1155 aCONVERSIONb10c20130109lUCH01h133514aAgriculturaxAspectos económicos.14aDesarrollo rural.93206714aSociología rural.9108215 aBK cFOLL bBCcMPd-148491eTS1i72976si bBCcTESd33724002033248eTS2fc.2h46852i72976si bBCcTESd33724002034405eTS2fc.3h46853i72976st bCRcTESBDd-5729eTS1h28i72976si c64724d64724 00102local4053708TESISaBCbBCcPA_TESISd2012-12-17fTESISl0oTesisp33724002033248r2019-12-31 00:00:00tc.2w2012-12-17yTESIS 00102local4053708TESISaBCbBCcPA_TESISd2019-12-31fTESISl0oTesisp33724002034405r2019-12-31 00:00:00tc.3w2019-12-31yTESIS 00102local4051708TESISaBCbBCcPA_TESISd2019-12-31fTESISl0oTesisp-148491r2019-12-31 00:00:00w2019-12-31yTESIS